02021nam a2200241Ia 4500001000600000003000900006008004100015040001300056040001300069041001300082100002000095100002900115245012500144245012600269250001100395260001100406260001100417260004900428300005600477500119400533650002101727650003101748H9841IT-RoPAU130308s9999 xx 000 0 und d aIT-RoPAU cIT-RoPAU aITALIANO aRicciardi Mario gCodice Aut. SPICS: 41399 aMuseo dei miracoli (Il). Il museo come opera d'arte e invenzione tecnologica tra cultura e impresa, comunicazione e poli bMuseo dei miracoli (Il). Il museo Come Opera d'arte e invenzione tecnologica tra Cultura e Impresa, Comunicazione e Poli a1a ed. aMILANO bApogeo c2008 [1° Ed.:2008 - Ed.Ling.Originale:2008] a"335 p. (prefazione: 15; testo: 320 [pagine: 0-0])" a"Sceneggiatura per un Museo: Fotografia, una Riflessione una Mano una Guida; Fine di Un'Avventura; da Confino a Nanni Moretti; Commiato Dalla Politica; Mutazione Genetica Politica e Industria Culturale; ragioni Profonde Conflitto; Oltre Caimano; conclusioni Personali Dalla Politica All'Etica. museo Nuovo: museo di Cose senza Valore; Contesto Italiano Alcuni Dati di Riferimento; Virtual Heritage contro Cultural Heritage; Tradizione dei Media; Cinema Immerso Nei Nuovi Media; Transizione, passaggio figure Emblematiche; creare e Gestire; Linguaggi Museali; Macchina per comunicare e Teatro Esperienze, Grande Pubblico e Personalizzazione; Costruire Luogo. Comunicazione: Inaugurazione; Strategia Museale e Politica di Eventi; senza Fili; collezioni viventi; Comunicazione e Community. impresa Museo: Mission Impossible?; Dicembre 2001, Primo Anno di gestione Museo; Gestione; budget e Bilani; Museoholding; Caratteri e prospettive del museo Nazionale del Cinema Dopo Apertura (Luglio 2000). Ricerca: mondi vicini e Universi Infiniti; futuro Presente; Essere Sociale, Immaginario, Cinema (E Ipercinema); Appendice Radiografia di un museo e del suo Monumento; Riferimenti Bibliografici." aSAGGI SUL CINEMA eCodice materia Spics: 6811